000
00293nam a22001337a 4500
008
170425b xxu||||| |||| 00| 0 eng d
020
_a
9780077354770
041
_a
eng
080
_2
8 ED
_a
547
100
_a
12
101
_a
SHM
245
_a
ORGANIC CHEMISTRY
_c
CAREY.F.A
942
_2
udc
_c
BK
999
_c
11893
_d
11893